01467cam a22002291 4500001001300000003000400013005001700017008004100034010001700075035002000092040002300112042001200135050001400147100003300161245016600194260009100360300008000451505062700531651003001158651003201188999001701220ne 63000254 DLC20260227111741.0840626s1948 ua abcf r 000 0 arar  ane 63000254  a(OCoLC)10886481 aDLCcTxUdTxUdDLC apremarc00aDS44b.Z31 aZakī, ʻAbd al-Raḥmān.13aal-Sharq al-Awsaṭ,bdirāsah shāmilah li-buldānahu wa-aḥwālahu al-iqtiṣādīyah wa-al-istirātījīyahc[taʼlīf] ʻAbd al-Raḥmān Zakī. a[al-Qāhirah]bMaktabat al-Nahḍah al-Miṣrīyah [tārīkh al-muqaddamah,c1948] a7, 266 p.billus., 2 col. plates, ports., maps (part fold.) tables.c24 cm.0 aal-Sharq al-Awsaṭ -- Mamlakat Miṣr -- al-Sūdān -- al-Mamlakah al-ʻArabīyah al-Saʻūdīyah -- al-Yaman -- Imārāt al-Jazīrat al-ʻArabīyah -- Imbarāṭūrīyat Īrān -- Mamlakat al-ʻIrāq Jūmhurīyat Turkyā Jumhūrīyat Sūrīyā Jumhūrīyat Lubnān -- al-Mamlakah al-Urdunīyah al-Hāshimīyah -- Filasṭīn -- Afrīqīyā al-Shamālīyah -- Lībyā -- Tūnis -- al-Jazāʼir -- Marākish -- Mulūk wa-ruʼasāʼ duwal al-Sharq al-Awsaṭ --Rijāl al-buldān al-Sharq al-Awsaṭ -- Maktabat al-Shuʼūn al-ʻArabīyah bi-Amrīkā -- Marājiʻ al-kitāb. 0aMiddle EastvDirectories. 0aAfrica, NorthvDirectories. c45534d45534